Szczegóły MARC21

Nauczanie i uczenie się gry w siatkówkę : przykładowy zestaw zajęć na cały semestr /

003 -Nazwa inst., której nr kontr. jest w polu 001 [,]
    • @
    • Nazwa instytucji, której n kontrolny jest w polu 001
    • NUKAT
005 -DATA I CZAS OSTATNIEJ MODYFIKACJI [,]
    • @
    • pole kontrolne
    • 20241231102124.0
020 -Międzynarod. znormalizowany nr książki - ISBN [ , ]
    • a
    • Numer ISBN
    • 9788388398438 Find
040 -Instytucja sporządzająca opis [ , ]
    • a
    • Instytucja, która sporządziła opis (NP)
    • SZCZ M/AB
    • c
    • Instytucja, która sporządziła rekord (NP)
    • SZCZ M/AB
    • d
    • Instytucja, która zmodyfikowała rekord (P)
    • KR U/BUs
942 -Rodzaj dokumentu [ , ]
    • c
    • Rodzaj dokumentu
    • Książka
100 -Hasło główne - nazwa osobowa [1, ]
    • a
    • Nazwa osobowa (NP)
    • Kulgawczuk, Roman.
    • 9
    • KHW
    • 52464
245 -Strefa tytułu i oznaczenia odpowiedzialności [1,0]
    • a
    • Tytuł
    • Nauczanie i uczenie się gry w siatkówkę : Find
    • b
    • Ciąg dalszy tytułu (NP)
    • przykładowy zestaw zajęć na cały semestr / Find
    • c
    • Pozostałe elementy strefy tytułu i oznaczenia odpowiedzialności (NP)
    • Roman Kulgawczuk.
260 -Strefa adresu wydawniczego [ , ]
    • a
    • Miejsce wydania (P)
    • Szczecin :
    • b
    • Nazwa wydawcy (P)
    • Zakład Usług Poligraficznych i Wydawniczych Plewnia Jacek, Plewnia Maria,
    • c
    • Data wydania (P)
    • 2012.
300 -Strefa opisu fizycznego [ , ]
    • a
    • Określenie formy książki i/lub objętość (NP)
    • 142, [1] s. :
    • b
    • Oznaczenie ilustracji (NP)
    • il. ;
    • c
    • Format (NP)
    • 21 cm.
336 -Typ zawartości [ , ]
    • a
    • Termin opisujący typ zawartości
    • Tekst
    • b
    • Kod określający zawartość
    • txt
    • 2
    • Źródło (terminu i kodu)
    • rdacontent
337 -Typ mediów [ , ]
    • a
    • Tryb odtwarzania
    • Bez urządzenia pośredniczącego
    • b
    • Kod typu mediów
    • n
    • 2
    • Źródło (terminu i kodu)
    • rdamedia
338 -Typ/rodzaj nośnika [ , ]
    • a
    • Hasło opisujące typ nośnika
    • Wolumin
    • b
    • Kod typu nośnika
    • nc
    • 2
    • Źródło (terminu i kodu)
    • rdacarrier
500 -Uwaga ogólna [ , ]
    • a
    • Uwaga ogólna (NP)
    • Na s. red. i 4 s. okł. błędny zapis ISBN : 978-838-839-84-38.
504 -Uwaga dot. bibliogr. załącznikowej [ , ]
    • a
    • Uwaga dot. bibliografii załącznikowej
    • Bibliogr. s. 141-142.
080 -Uniwersalna Klasyfikacja Dziesiętna [ , ]
    • 2
    • Identyfikator wydania tablic
    • UDC-P058
    • 9
    • UKD
    • 19019
    • a
    • Symbol klasyfikacji
    • 796.325.015
    • b
    • Dopowiedzenie
    • Siatkówka. - Trening. Przygotowanie sportowe.
    • 4
    • UKD2
    • 13123
    • x
    • Poddział wspólny
    • (072)
    • c
    • Dopowiedzenie poddz. wspólnego
    • (Materiały do nauczania dla nauczycieli).
650 -Hasło przedmiotowe [ ,7]
    • a
    • Hasło przedmiotowe
    • Piłka siatkowa
    • x
    • Określnik rzeczowy
    • studia i nauczanie
    • v
    • Określnik formalny
    • podręczniki.
    • 2
    • Źródło terminu
    • kaba
    • 9
    • KHW
    • 371001
980 -Symbol UKD [ , ]
    • a
    • UKD
    • 796.325.015(072)
920 -ISBN [ , ]
    • a
    • ISBN
    • 978-83-88398-43-8 Find
Lokalizacja Data inwentaryzacji Status udost. Numer inwentarzowy Sygnatura
BM2013-02-081WF.9247Piłka siatkowa 14